00907 2200301 4500001002100000005001700021008004100038020001800079035002400097043001200121082001000133090001700143090001700160100002700177245012400204260002800328300003100356500003100387650002600418700002000444700003400464850001200498990002000510990002000530990002100550990001700571990001700588YOGYA-0209000001282920090227022249.0 ind  a979-20-3649-0 0010-020900000012829 aYOPDYOG a155.2 a155.2bAto R a155.2bGea R aGEA, Antonius Atosokhi aRelasi dengan diri sendiribmodul character building IcAntonius Atosokhi, Antonia Panca Yuni Wulandari, Yohanes Babari aJakartabGramediac2002 axvii, 184 hlmbilusc21 cm aBibliografi : hlm. 181-184 aPsikologi kepribadian aBabari, Yohanes aWulandari, Antonia Panca Yuni aYOPDYOG a4966-PD/A.05b1 a4964-PD/A.05b1 a431-BPAD/P.03b1 a4963-PD/A.05 a4966-PD/A.05